000 00346nam a22001577a 4500
020 _a9971-51-311-0
041 _aENG
100 _aCochran.W.G
245 _aExperimental Designs
250 _aSecond Edition
260 _aNew York
_bJohn Wiley and Sons
_c1192
300 _a611
650 _amaths
700 _aCox.G.M
856 _uM.Tech ( 7 )
999 _c1048
_d1048